5 Seconds of Summer (5SOS) - Wishful Dreaming - All lyrics - Statistics

General Stats
  • This quiz has been taken 18 times
  • The average score is 256 of 300
Answer Stats
Answer % Correct
a
100%
A
100%
And
100%
and
100%
can't
100%
Caught
100%
dream
100%
feeling
100%
go
100%
go)
100%
I
100%
(I
100%
in
100%
let
100%
me
100%
so
100%
that
100%
That's
100%
that's
100%
up
100%
wake
100%
you
100%
blissful
93%
control
93%
Holding
93%
lose
93%
on
93%
Our
93%
our
93%
to
93%
we
93%
We
93%
when
93%
deeply
86%
dreaming
86%
Dreaming,
86%
Dreaming
86%
everything's
86%
get
86%
Hiding
86%
okay
86%
Pretending
86%
sweetly
86%
the
86%
truth?
86%
gonna
79%
okay
79%
old
79%
telling
79%
through?
79%
wanna
79%
wishful
79%
are
71%
Are
71%
back
71%
How
71%
where
71%
heads
64%
run
64%
Running
64%
running
64%
sky
64%
under
64%
ways
64%
bodies
57%
keep
57%
place
57%
We're
57%
we're
57%
broken
50%
find
50%
hide
50%
lovers
50%
Lost
43%
ourselves
43%
somewhere
43%
for
36%
take
36%
always
29%
both
29%
do
29%
paradise
29%
peace
29%
recover,
29%
each
21%
other,
21%
trying
21%
meet
14%
Slip
14%
colors,
7%
disillusion
7%
dive
7%
motions
7%
Romantic
7%
No matching quizzes found
Score Distribution
Percent of People with Each Score
Percentile by Number Answered
Your Score History
You have not taken this quiz